01066nam a2200217 a 450000100090000000800410000901000150005002000180006505000150008310000220009824500810012025000120020126000320021330000210024535000100026665000380027699501750031499501680048999501740065799900170083116283241120712s2010 ||||||||||||||||| || u a2010287534 a9780340942048 aQP 101 Lev aLevick, J. Rodney13aAn introduction to cardiovascular physiology. (5th ed.)cby J. Rodney Levick a5th ed. aLondonbHodder Arnoldc2010 axii, 414p.: ill. a49.95 0aCARDIOVASCULAR SYSTEM--PHYSIOLOGY aMEDICAL LIBRARY OPEN ACCESSe903501FCBU-SCHOOL OF MEDICINE LIBRARY (Ndola)I49.95jQP 101 LevM3UAVAILABLEWFeb 29, 2016y903501ZMedical Library Open Access Collection aMEDICAL LIBRARY OPEN ACCESSe902046FCBU-SCHOOL OF MEDICINE LIBRARY (Ndola)jQP 101 LevM2UAVAILABLEWMay 21, 2013y902046ZMedical Library Open Access Collection aMICHAEL CHILUFYA SATA OPEN ACCESSe901631FCBU-SCHOOL OF MEDICINE LIBRARY (Ndola)jQP 101 LevM1UAVAILABLEWJul 12, 2012y901631ZMedical Library Open Access Collection c64292d64292